Treinta litografías sobre el Quijote /

Reproduction of 30 original drawings made between 1946 and 1950 by the almost unknown Austrian illustrator Anton or Antonio Winkelhöfer, commissioned by D. Pedro Illa Creus. Commemorative edition, issued April 1977 on the 362nd anniversary of the death of Cervantes and World Book Day. Commemorative...

Full description

Bibliographic Details
Other Authors: Darío, Rubén, 1867-1916
Format: Book
Language:Spanish
Published: [Madrid?] : Manuel Martín Ramírez, [1977]
Edition:Treinta ejemplares numerados del I al XXX para los colaboradores de la edición y distributión no venal.
Subjects:

MARC

Tag First Indicator Second Indicator Subfields
LEADER 00000cam a2200000Ii 4500
001 in00004063921
005 20190829080641.0
008 190509t19771977sp a f 000 0 spa d
035 |a (OCoLC)on1113868396 
040 |a TXA  |b eng  |e rda  |c TXA  |d TXA 
020 |a 9788440024435 
020 |a 8440024436 
035 |a (OCoLC)1113868396 
050 4 |a PQ6335  |b .W56 1977 
049 |a TXAM 
100 1 |a Winkelhöfer, Antonio,  |e artist. 
245 1 0 |a Treinta litografías sobre el Quijote /  |c Antonio Winkelhöfer. 
250 |a Treinta ejemplares numerados del I al XXX para los colaboradores de la edición y distributión no venal. 
264 1 |a [Madrid?] :  |b Manuel Martín Ramírez,  |c [1977] 
264 3 |a [Madrid] :  |b Imp. Gráficas Cañizares 
264 4 |c ©1977 
300 |a 1 portfolio (30 prints, 6 folded sheets) :  |b lithographs, sepia ;  |c 44 x 31 cm 
336 |a still image  |b sti  |2 rdacontent 
337 |a unmediated  |b n  |2 rdamedia 
338 |a volume  |b nc  |2 rdacarrier 
520 |a Reproduction of 30 original drawings made between 1946 and 1950 by the almost unknown Austrian illustrator Anton or Antonio Winkelhöfer, commissioned by D. Pedro Illa Creus. Commemorative edition, issued April 1977 on the 362nd anniversary of the death of Cervantes and World Book Day. Commemorative medal embedded in front cover of portfolio. 
500 |a Signed and stamped by Dr Francisco Lucas Fernández, notario de Madrid. 
500 |a Extensive quotations from Don Quixote. 
500 |a Includes 2 poems by Rubén Darío. 
500 |a The Cushing Library/Rare Books copy is número XXV issued to Hipólito Escolar Sobrino.  |5 TXA 
580 |a Forms part of The Eduardo Urbina Cervantes Project Collection. 
600 1 0 |a Cervantes Saavedra, Miguel de,  |d 1547-1616.  |t Don Quixote  |v Illustrations. 
600 1 0 |a Quixote,  |c Don (Fictitious character)  |v Pictorial works. 
700 1 2 |a Darío, Rubén,  |d 1867-1916.  |t Letanía de nuestro Señor Don Quijote. 
700 1 2 |a Darío, Rubén,  |d 1867-1916.  |t Soneto a Cervantes. 
700 1 |a Escolar, Hipólito,  |e former owner.  |5 TXA 
740 0 2 |a Letanía de nuestro Señor Don Quijote. 
740 0 2 |a Soneto a Cervantes. 
994 |a C0  |b TXA 
948 |a cataloged  |b h  |c 2019/8/29  |d o  |e nbehmer  |f 8:05:23 am 
999 f f |s 8d6032ee-6b87-34ea-bb10-51132e828153  |i 1e3ba8b1-daef-35de-9662-b9de8c76fae4  |t 0 
952 f f |p noncirc  |a Texas A&M University  |b College Station  |c Cushing Memorial Library & Archives  |d Cushing: Rare Books (Does not check out)  |t 0  |e PQ6335 .W56 1977  |f Oversize  |h Library of Congress classification  |i unmediated -- volume 
998 f f |a PQ6335 .W56 1977  |t 0  |l Cushing: Rare Books (Does not check out)